000 01404nam a2200361 c 4500
003 BLK
005 20220725104133.0
008 180409b bul|||||r ||||||| ||bul||
010 _aKNG00131678000
020 _a978-954-8186-34-6
_bиздат.: Санома Блясък България
040 _aBLK
041 _aBUL
_cBUL
072 7 _2bullib
_aН83
_xЧужда художествена литература Н
080 _aАнглийска литература
_b821.111
_x-31
_z821.111-31
100 1 _aШоу, Ниъм
_eпърви автор
_9319786
700 1 _aНенова, Виолета
_eпрев.
_9365216
139 _aШоу, Ниъм
_bШ 88
245 1 0 _aМалка черна рокля
_cНиъм Шоу; прев. Виолета Ненова.
257 _aGBR
260 София
_bСанома Блясък България
_c2010
_fСофия : Инвестпрес
300 _a247 с.
_c20 см
380 _aX
490 1 _aКолекция Cosmopolitan
500 _aОриг. загл. Smart Casual / Niamh Shaw. - Кн. се разпространява със сп. Cosmopolitan.
653 _aчиклит
653 _aромани
659 _aН
852 _aЦб 255573
856 4 _qpdf
_u
856 4 _qpdf
_u
942 _cKNG
_n0
_010
944 _aCR
_c26.06.2012
_lф /
_kЛюдмила_Стоянова
944 _aED
_c04.10.2017
_lф /
_kЛюдмила_Стоянова
999 _c125999
_d125999